| 000 | 01017cam a2200289 a 4500 | ||
|---|---|---|---|
| 001 | 1686749 | ||
| 003 | Nust | ||
| 005 | 20220829123002.0 | ||
| 008 | 990623s2000 mau 000 1 eng | ||
| 010 | _a 99037054 | ||
| 020 |
_a9780752837161 _cRs. 516 |
||
| 038 | _aArshad | ||
| 040 |
_aDLC _cDLC _dDLC |
||
| 050 | 0 | 0 |
_aPS3553.O51165 _bV65 2000 |
| 082 | 0 | 0 |
_a823 _bCON |
| 100 | 1 |
_aConnelly, Michael, _d1956- _912066 |
|
| 245 | 1 | 0 |
_aVoid moon / _cMichael Connelly. |
| 250 | _a1st ed. | ||
| 260 |
_aBoston : _bLittle, Brown and Company, _c2000. |
||
| 300 |
_a407 p. ; _c24 cm. |
||
| 650 |
_aDetective and mystery stories _98228 |
||
| 856 | 4 | 2 |
_3Publisher description _uhttp://www.loc.gov/catdir/enhancements/fy1004/99037054-d.html |
| 906 |
_a7 _bcbc _corignew _d1 _eocip _f19 _gy-gencatlg |
||
| 942 |
_2ddc _cBK |
||
| 999 |
_c174431 _d174431 |
||